000 00423nam a22001457a 4500
005 20170712090950.0
008 170712b xxu||||| |||| 00| 0 eng d
040 _cPK-LaUMT
082 _aZIAC 004.67
_bMAR-U
100 _aMartin , Michael J.
245 _aUnderstanding the network :
_ba practical guide to internetworking/
_c Michael J. Martin
260 _aNew Delhi:
_bTechmedia,
_c2000
300 _a687 p.
942 _cBK
999 _c94926
_d94926